000 00504nam a22001457a 4500
003 MACL
005 20190405162913.0
008 190405b xxu||||| |||| 00| 0 eng d
040 _cMACL
100 _aत्‍यागी,सुधीर
_974182
245 _aव्‍यक्तित्‍व विकास
260 _aनई दिल्‍ली
_bसरस्‍वती पब्लिकेशन्‍स
_c2018
650 _aसामान्‍य वर्ग
_936
942 _2ddc
_cHIN
999 _c59294
_d59294